Cities by Letter - C - Statistics

General Stats
  • This quiz has been taken 707 times
  • The average score is 12 of 20
Answer Stats
Clue City % Correct
The Windy City Chicago
93%
Largest city in the Arab World Cairo
84%
Mexican beach resort popular with Americans Cancún
84%
Christiansborg Palace, Little Mermaid Statue, Hyhavn Copenhagen
82%
Next to the capital of Sri Lanka Colombo
76%
Built between Sydney and Melbourne Canberra
74%
Biggest city in the Rhine-Ruhr region Cologne
73%
Largest city in Alberta Calgary
70%
Hassan II Mosque, 1942 film, Casablanca
70%
Birthplace of Simón Bolívar Caracas
63%
Overlooked by Table Mountain Cape Town
61%
Capital of Guinea Conakry
60%
Third city of Colombia Cali
51%
Capital of New Hampshire Concord
47%
Home of the Giant Panda Chengdu
40%
Main port of Bangladesh Chittagong
40%
This US was once the 6th largest, but has lost half its population Cleveland
36%
English city heavily bombed by the Germans Coventry
31%
Provisional capital of China during WW2 Chongqing
25%
Partly destroyed in a 2011 Earthquake Christchurch
17%
No matching quizzes found
Score Distribution
Percent of People with Each Score
Percentile by Number Answered
Your Score History
You have not taken this quiz